000 00752nam a2200253 a 4500
001 72880
003 BD-RjUL
005 20211209082323.0
008 170524s1967 enka b 001 0 eng d
035 _a(BD-RjUL)73098
040 _aDLC
_cKSU
_dBD-RjUL
_beng
041 _aeng
082 _223
_a658.955
_bSPM 1967
100 1 _aSpector, Cyril.
_9215573
245 1 0 _aManagement in the printing industry /
_cCyril Spector
260 _aLondon :
_bLongmans,
_c1967.
300 _ax, 354 p. :
_bill. ;
_c23 cm.
490 0 _aManagement studies series.
504 _aIncludes bibliography and indexes.
650 0 _aPrinting industry
_xManagement.
_9215574
830 _aManagement studies series.
_9215576
942 _2ddc
_cBK
999 _c72880
_d72880